[Event "World Cup U18 Prel"]
[Site "Tornelo INT"]
[Date "2021.08.19"]
[Round "7"]
[White "Namitbir, Singh Walia"]
[Black "Teymurov, Elnur"]
[Result "1-0"]
[WhiteElo "2093"]
[BlackElo "1794"]
[PlyCount "115"]
[EventDate "2021.08.16"]
[EventType "swiss (rapid)"]
[EventRounds "10"]
[EventCountry "NET"]
[SourceTitle "CBM 203 Extra"]
[Source "ChessBase"]
[SourceDate "2021.09.30"]
[SourceVersion "1"]
[SourceVersionDate "2021.09.30"]
[SourceQuality "1"]

1. e4 e5 2. Nf3 Nc6 3. Bb5 a6 4. Ba4 Nf6 5. 0-0 Be7 6. Re1 b5 7. Bb3 d6 8. c3 0-0 9. h3 Nb8 10. d4 Nbd7 11. Nbd2 c5 12. d5 c4 13. Bc2 Nc5 14. Nf1 Ne8 15. Ng3 g6 16. Bh6 Ng7 17. b4 cxb3 18. axb3 Bh4 19. Nxh4 Qxh4 20. Qd2 Qe7 21. b4 Nb7 22. Ra3 a5 23. Rea1 a4 24. Bd3 Bd7 25. Qe2 f5 26. exf5 gxf5 27. Nh5 Nxh5 28. Bxf8 Qg5 29. Be7 Qg6 30. Qe3 Kf7 31. Qg5 Nf4 32. Bf1 Nxd5 33. Qxg6+ hxg6 34. Bg5 Rc8 35. Bd2 Nb6 36. Rd1 Nc4 37. Bxc4+ Rxc4 38. Be1 Ke6 39. Ra2 Bc6 40. f3 d5 41. Re2 Nd6 42. Rd4 a3 43. Bg3 Rxd4 44. cxd4 f4 45. Rxe5+ Kd7 46. Bxf4 Ne4 47. Bc1 a2 48. Bb2 Nd2 49. Re2 Nb3 50. Re3 a1Q+ 51. Bxa1 Nxa1 52. Rc3 Kd6 53. Kf2 Bd7 54. g4 g5 55. Ke3 Be8 56. Kd2 Bg6 57. Kc1 Bh7 58. Kb2 1-0

[Event "Istanbul op-B"]
[Site "Istanbul"]
[Date "2018.09.02"]
[Round "1"]
[White "Hassan, Mohamed Seif"]
[Black "Teymurov, Elnur"]
[Result "0-1"]
[WhiteElo "2085"]
[BlackElo "1823"]
[PlyCount "122"]
[EventDate "2018.09.02"]
[EventType "swiss"]
[EventRounds "9"]
[EventCountry "TUR"]
[SourceTitle "CBM 186 Extra"]
[Source "ChessBase"]
[SourceDate "2018.08.24"]
[SourceVersion "1"]
[SourceVersionDate "2018.08.24"]
[SourceQuality "1"]

1. d4 d5 2. Bf4 Nf6 3. Nc3 e6 4. Qd2 Bd7 5. f3 c5 6. e3 a6 7. a4 Nc6 8. g4 Rc8 9. Nge2 cxd4 10. exd4 Bb4 11. Qd3 Qe7 12. h4 Bd6 13. Na2 Bxf4 14. Nxf4 Nb4 15. Nxb4 Qxb4+ 16. c3 Qxb2 17. Rb1 Qxc3+ 18. Qxc3 Rxc3 19. g5 Ng8 20. Rxb7 Ne7 21. Nd3 Bc8 22. Rb8 0-0 23. Kd2 Ra3 24. Nc5 Nc6 25. Rb6 Nxd4 26. f4 e5 27. fxe5 Bf5 28. Bxa6 Nf3+ 29. Ke2 Nxe5 30. Bb5 d4 31. Rd6 Ra2+ 32. Kf1 Bg4 33. Rg1 Bh3+ 34. Ke1 Nf3+ 35. Kd1 Nxg1 36. Rxd4 Nf3 37. Rd3 Ra1+ 38. Ke2 Bf1+ 39. Kxf3 Bxd3 40. Nxd3 Ra8 41. Nc5 Ra5 42. Ke4 Rxb5 43. axb5 Ra5 44. Nd7 Rxb5 45. Kf4 Rb4+ 46. Kg3 Rd4 47. Ne5 Re4 48. Nf3 Kf8 49. h5 Ke7 50. Nd2 Ra4 51. Nf3 Ke6 52. Nh4 Rxh4 53. Kxh4 Kf5 54. g6 fxg6 55. hxg6 hxg6 56. Kg3 Kg5 57. Kh3 Kf4 58. Kh4 g5+ 59. Kh3 Kf3 60. Kh2 g4 61. Kg1 Kg3 0-1